[Event "Olimpiada de Khanty-Mansiysk 2010"]
[Site "Khanty-Mansiysk RUS"]
[Date "2010.10.03"]
[Round "11"]
[White "Khouseinov, Rashid"]
[Black "Mikheev, Stanislav"]
[Result "0-1"]
[WhiteElo "2364"]
[BlackElo "2337"]
[PlyCount "114"]
[EventDate "2010.09.21"]
[EventType "team"]
[EventRounds "11"]
[EventCountry "RUS"]
[Source "lmi"]
[SourceDate "2010.09.21"]
[WhiteTeam "Tayikistán"]
[BlackTeam "IPC"]
[WhiteTeamCountry "TJK"]

1. g3 Nf6 2. Bg2 e5 3. d3 d5 4. Nd2 Be7 5. e4 Nc6 6. c3 dxe4 7. dxe4 Qd3 8. Bf1
Qd8 9. Nh3 Nxe4 10. f3 Nf6 11. Qc2 O-O 12. Nf2 Nd5 13. Nb3 a5 14. a4 Nb6 15.
Be2 Be6 16. O-O Qd5 17. Nd2 Rad8 18. Re1 f5 19. Nf1 Qc5 20. Qb1 Bb3 21. Nd2 Bd5
22. Nf1 f4 23. Kg2 Qd6 24. Nd2 Qh6 25. Nde4 g5 26. b3 Qg7 27. Qc2 h5 28. g4
hxg4 29. Nxg4 Nd7 30. Rd1 Be6 31. Bc4 Bxc4 32. bxc4 Qh7 33. Ba3 Kh8 34. h4 gxh4
35. Rh1 Bxa3 36. Rxh4 Qxh4 37. Rh1 Qxh1+ 38. Kxh1 Kg7 39. Qb3 Bd6 40. Qxb7 Ne7
41. Qb5 Ng6 42. c5 Be7 43. Qxa5 Rh8+ 44. Kg2 Nh4+ 45. Kf1 c6 46. Ke2 Nf5 47.
Qc7 Ng3+ 48. Nxg3 fxg3 49. Kf1 Bg5 50. a5 Kg6 51. Kg2 Nf6 52. Nxe5+ Kf5 53. Nc4
Bf4 54. Nd6+ Rxd6 55. cxd6 Rh2+ 56. Kf1 g2+ 57. Kg1 Be3+ 0-1

[Event "Olimpiada de Khanty-Mansiysk 2010"]
[Site "Khanty-Mansiysk RUS"]
[Date "2010.10.03"]
[Round "11"]
[White "Al Sulaiti, Ali"]
[Black "Mas, Hafizulhelmi"]
[Result "1-0"]
[WhiteElo "2134"]
[BlackElo "2422"]
[PlyCount "46"]
[EventDate "2010.09.21"]
[EventType "team"]
[EventRounds "11"]
[EventCountry "RUS"]
[Source "lmi"]
[SourceDate "2010.09.21"]
[WhiteTeam "BRN"]
[BlackTeam "Malasia"]
[BlackTeamCountry "MAS"]

1. d4 Nf6 2. Nf3 g6 3. g3 c5 4. d5 d6 5. Bg2 Bg7 6. c4 b5 7. cxb5 a6 8. b6 Nbd7
9. Nc3 Nxb6 10. O-O O-O 11. e4 a5 12. a4 Ba6 13. Re1 Rb8 14. Qc2 Nfd7 15. Rd1
Rb7 16. Bd2 Nc4 17. b3 Nxd2 18. Nxd2 Qb6 19. Rab1 Qb4 20. Na2 Qb6 21. Bf1 Bxf1
22. Rxf1 Rfb8 23. Nc4 Qa6 1-0

[Event "Olimpiada de Khanty-Mansiysk 2010"]
[Site "Khanty-Mansiysk RUS"]
[Date "2010.10.03"]
[Round "11"]
[White "Ayyad, Maher"]
[Black "Long, Peter"]
[Result "1/2-1/2"]
[WhiteElo "2160"]
[BlackElo "2302"]
[PlyCount "78"]
[EventDate "2010.09.21"]
[EventType "team"]
[EventRounds "11"]
[EventCountry "RUS"]
[Source "lmi"]
[SourceDate "2010.09.21"]
[WhiteTeam "BRN"]
[BlackTeam "Malasia"]
[BlackTeamCountry "MAS"]

1. d4 Nf6 2. Nf3 c5 3. c3 cxd4 4. cxd4 d5 5. Nc3 Nc6 6. g3 e6 7. Bg2 Be7 8. O-O
O-O 9. Re1 a6 10. e4 dxe4 11. Nxe4 Nxe4 12. Rxe4 b5 13. Ne5 Bb7 14. Re3 Rc8 15.
Rd3 Nxe5 16. dxe5 Qc7 17. Bxb7 Qxb7 18. Bd2 Rfd8 19. Ba5 Rxd3 20. Qxd3 Rc5 21.
Rd1 Rd5 22. Qe2 h6 23. Rxd5 Qxd5 24. b3 Bc5 25. Bc3 Bb6 26. Bb2 a5 27. Bc3 a4
28. bxa4 bxa4 29. Qb2 Bc5 30. Qe2 h5 31. h4 g6 32. Kh2 Kg7 33. Bd2 Kh7 34. Bg5
Qd4 35. Kg2 Qd5+ 36. Kh2 Qd4 37. Kg2 Kg8 38. Bf6 a3 39. Qc2 Kh7 1/2-1/2

[Event "Olimpiada de Khanty-Mansiysk 2010"]
[Site "Khanty-Mansiysk RUS"]
[Date "2010.10.03"]
[Round "11"]
[White "Lau, Gregory"]
[Black "Ayyad, Husain"]
[Result "1-0"]
[WhiteElo "2159"]
[BlackElo "2165"]
[PlyCount "49"]
[EventDate "2010.09.21"]
[EventType "team"]
[EventRounds "11"]
[EventCountry "RUS"]
[Source "lmi"]
[SourceDate "2010.09.21"]
[WhiteTeam "Malasia"]
[BlackTeam "BRN"]
[WhiteTeamCountry "MAS"]

1. Nf3 Nf6 2. d4 d6 3. g3 Nbd7 4. Bg2 e5 5. c4 g6 6. Nc3 Bg7 7. dxe5 dxe5 8.
O-O O-O 9. Qc2 c6 10. Rd1 Qc7 11. b3 Re8 12. Ba3 e4 13. Nd2 e3 14. fxe3 Ng4 15.
Nf1 Qa5 16. Bb2 Nc5 17. h3 Nxe3 18. Nxe3 Rxe3 19. b4 Qxb4 20. Rd8+ Bf8 21. Qd2
Re7 22. Nd5 Rxe2 23. Nf6+ Kg7 24. Nh5+ Kg8 25. Rxf8+ 1-0

[Event "Olimpiada de Khanty-Mansiysk 2010"]
[Site "Khanty-Mansiysk RUS"]
[Date "2010.10.03"]
[Round "11"]
[White "Wiedenkeller, Michael"]
[Black "Jones, Richard S"]
[Result "1-0"]
[WhiteElo "2431"]
[BlackElo "2373"]
[PlyCount "109"]
[EventDate "2010.09.21"]
[EventType "team"]
[EventRounds "11"]
[EventCountry "RUS"]
[Source "lmi"]
[SourceDate "2010.09.21"]
[WhiteTeam "Luxemburgo"]
[BlackTeam "Gales"]
[WhiteTeamCountry "LUX"]
[BlackTeamCountry "WLS"]

1. d4 Nf6 2. c4 g6 3. Nc3 Bg7 4. e4 O-O 5. Bd3 Nc6 6. Nge2 e5 7. dxe5 Nxe5 8.
O-O d6 9. b3 Nxd3 10. Qxd3 Nd7 11. Be3 Nc5 12. Qd2 f5 13. exf5 Bxf5 14. Nd4 Bd7
15. Bg5 Qc8 16. Nd5 Kh8 17. Rae1 Rf7 18. Re2 Ne6 19. Nxe6 Bxe6 20. Rfe1 Bxd5
21. Qxd5 Rf5 22. Qd2 Qf8 23. Re4 Re5 24. Rxe5 Bxe5 25. Qd5 Re8 26. g3 c6 27.
Qe4 Qg7 28. Kg2 Rf8 29. f4 Bf6 30. Bxf6 Qxf6 31. Qe7 Qg7 32. Qxd6 h5 33. Re7
Rf7 34. Qb8+ Kh7 35. Rxf7 Qxf7 36. Qxa7 Qd7 37. Qe3 Qd1 38. h3 Qc2+ 39. Qf2
Qe4+ 40. Kh2 Qd3 41. g4 hxg4 42. hxg4 Kg7 43. Qb2+ Kh7 44. Qf2 Kg7 45. Kg2 Qe4+
46. Kg3 Qd3+ 47. Qf3 Qd2 48. Qe4 Qc3+ 49. Kh4 Qf6+ 50. g5 Qd8 51. Qe5+ Kh7 52.
Qe6 Qd2 53. Qf7+ Kh8 54. Qf8+ Kh7 55. Qh6+ 1-0

[Event "Olimpiada de Khanty-Mansiysk 2010"]
[Site "Khanty-Mansiysk RUS"]
[Date "2010.10.03"]
[Round "11"]
[White "Kett, Tim"]
[Black "Linster, Philippe"]
[Result "1/2-1/2"]
[WhiteElo "2219"]
[BlackElo "2264"]
[PlyCount "59"]
[EventDate "2010.09.21"]
[EventType "team"]
[EventRounds "11"]
[EventCountry "RUS"]
[Source "lmi"]
[SourceDate "2010.09.21"]
[WhiteTeam "Gales"]
[BlackTeam "Luxemburgo"]
[WhiteTeamCountry "WLS"]
[BlackTeamCountry "LUX"]

1. e4 e6 2. d4 d5 3. Nc3 Bb4 4. e5 Ne7 5. Bd2 b6 6. Nf3 Ba6 7. Bxa6 Nxa6 8. Ne2
Bxd2+ 9. Qxd2 c5 10. c3 Nb8 11. O-O Nbc6 12. Ng3 Ng6 13. Rad1 O-O 14. Qe3 cxd4
15. cxd4 Na5 16. b3 Rc8 17. Rc1 Qd7 18. h4 h6 19. h5 Ne7 20. Ne2 Rxc1 21. Rxc1
Rc8 22. g4 Rxc1+ 23. Qxc1 Qb5 24. Qd2 Nac6 25. Ng3 Qa5 26. Qc2 Qb4 27. Qd3 Qa3
28. Qc2 Qb4 29. Qd3 Qa3 30. Qc2 1/2-1/2

[Event "Olimpiada de Khanty-Mansiysk 2010"]
[Site "Khanty-Mansiysk RUS"]
[Date "2010.10.03"]
[Round "11"]
[White "Jeitz, Christian"]
[Black "Bennett, Alan"]
[Result "1-0"]
[WhiteElo "2235"]
[BlackElo "2154"]
[PlyCount "75"]
[EventDate "2010.09.21"]
[EventType "team"]
[EventRounds "11"]
[EventCountry "RUS"]
[Source "lmi"]
[SourceDate "2010.09.21"]
[WhiteTeam "Luxemburgo"]
[BlackTeam "Gales"]
[WhiteTeamCountry "LUX"]
[BlackTeamCountry "WLS"]

1. e4 c5 2. Nf3 Nc6 3. Bb5 d6 4. O-O Bd7 5. Re1 Nf6 6. h3 a6 7. Bf1 e5 8. c3
Be7 9. d4 Qc7 10. dxc5 dxc5 11. Qc2 O-O 12. Bg5 b5 13. a4 b4 14. Nbd2 Be6 15.
Bc4 Qc8 16. Bxf6 Bxf6 17. Bd5 bxc3 18. bxc3 Re8 19. Nc4 Qc7 20. Bxc6 Qxc6 21.
Ncxe5 Qc7 22. Nd3 Rad8 23. Re3 Qa5 24. Nf4 Bc4 25. e5 Be7 26. Nd2 Bd5 27. Nxd5
Rxd5 28. Nc4 Qd8 29. Qb3 Bf8 30. Nd6 Rxd6 31. exd6 Rxe3 32. fxe3 Qxd6 33. Rd1
Qe5 34. c4 g6 35. Qd3 Be7 36. e4 Qb2 37. Qd5 Qc2 38. Rf1 1-0

[Event "Olimpiada de Khanty-Mansiysk 2010"]
[Site "Khanty-Mansiysk RUS"]
[Date "2010.10.03"]
[Round "11"]
[White "Jones, Iolo C"]
[Black "Steil-Antoni, Fiona"]
[Result "1/2-1/2"]
[WhiteElo "2294"]
[BlackElo "2152"]
[PlyCount "196"]
[EventDate "2010.09.21"]
[EventType "team"]
[EventRounds "11"]
[EventCountry "RUS"]
[Source "lmi"]
[SourceDate "2010.09.21"]
[WhiteTeam "Gales"]
[BlackTeam "Luxemburgo"]
[WhiteTeamCountry "WLS"]
[BlackTeamCountry "LUX"]

1. c4 d6 2. Nc3 e5 3. g3 f5 4. Bg2 Nf6 5. e3 g6 6. d4 c6 7. Nge2 Bg7 8. dxe5
dxe5 9. Qxd8+ Kxd8 10. e4 Nbd7 11. Be3 Ng4 12. Bg5+ Kc7 13. h3 h6 14. Bd2 Ngf6
15. Be3 Nb6 16. b3 Be6 17. O-O Rad8 18. c5 Nc8 19. Rad1 Ne7 20. Kh2 fxe4 21.
Nxe4 Nxe4 22. Bxe4 Bf5 23. Nc3 Bxe4 24. Nxe4 Nf5 25. Bc1 Rd4 26. Rde1 g5 27.
Bb2 Rd5 28. Kg2 Rhd8 29. Re2 R8d7 30. Rc1 Rd8 31. Ree1 R8d7 32. Bc3 b6 33.
cxb6+ axb6 34. Bb2 Nd4 35. Nc3 R5d6 36. Red1 Kb7 37. Ba3 Re6 38. Ne4 Bf6 39. g4
Be7 40. Bb2 Bf6 41. Rc3 Rd5 42. Rcd3 Bg7 43. Re3 Ne2 44. Rh1 Nf4+ 45. Kg3 Bf8
46. h4 Bc5 47. Nxc5+ Rxc5 48. hxg5 hxg5 49. b4 Rd5 50. Bc3 e4 51. a4 Rd3 52.
Rxd3 exd3 53. Bd2 Re2 54. Rd1 Ne6 55. Be3 Rb2 56. Rxd3 Rxb4 57. Rd7+ Ka6 58.
Rd6 Re4 59. Rxc6 Ka5 60. Bxb6+ Kxa4 61. Be3 Kb5 62. Rd6 Kc4 63. Rd7 Re5 64. Kf3
Nf8 65. Rd4+ Kb5 66. Kg3 Kc6 67. Rd8 Ne6 68. Re8 Kd7 69. Ra8 Ke7 70. Ra6 Kf7
71. Kf3 Rb5 72. Rd6 Ra5 73. Bd2 Rb5 74. Ke4 Nc5+ 75. Ke3 Ne6 76. Bc3 Rc5 77.
Kd3 Rb5 78. Rd7+ Kg6 79. Re7 Rb6 80. Ke4 Ra6 81. Ke5 Nf4 82. Bd2 Nd3+ 83. Ke4
Nxf2+ 84. Kf3 Nd3 85. Ke3 Nf4 86. Re5 Ra3+ 87. Ke4 Ra4+ 88. Kf3 Ra3+ 89. Be3
Rb3 90. Ke4 Rb4+ 91. Bd4 Ne2 92. Re6+ Kf7 93. Rd6 Ke7 94. Ke5 Rxd4 95. Rxd4
Nxd4 96. Kxd4 Kd6 97. Ke4 Ke6 98. Kd4 Kd6 1/2-1/2

[Event "Olimpiada de Khanty-Mansiysk 2010"]
[Site "Khanty-Mansiysk RUS"]
[Date "2010.10.03"]
[Round "11"]
[White "Rosenbeiger, Alan"]
[Black "Pornariyasombat, Atippat"]
[Result "1/2-1/2"]
[WhiteElo "2153"]
[BlackElo "2181"]
[PlyCount "91"]
[EventDate "2010.09.21"]
[EventType "team"]
[EventRounds "11"]
[EventCountry "RUS"]
[Source "lmi"]
[SourceDate "2010.09.21"]
[WhiteTeam "Islas del Canal"]
[BlackTeam "Tailandia"]
[WhiteTeamCountry "JCI"]
[BlackTeamCountry "THA"]

1. d4 g6 2. c4 Bg7 3. Nc3 c5 4. d5 Bxc3+ 5. bxc3 f5 6. g3 Qa5 7. Qc2 Nf6 8. Bg2
d6 9. Nf3 Nbd7 10. O-O Nb6 11. Nd2 Bd7 12. a4 O-O-O 13. f3 e6 14. e4 fxe4 15.
fxe4 Ng4 16. Bh3 exd5 17. Bxg4 Bxg4 18. cxd5 Qa6 19. a5 Rhf8 20. Re1 Nd7 21. c4
Bh3 22. Ra3 Rf7 23. Nf3 Rdf8 24. Bf4 h6 25. Qe2 g5 26. Kh1 gxf4 27. gxf4 Rxf4
28. Nd2 Bg4 29. Qg2 Ne5 30. h3 Bd7 31. Rc1 Rf2 32. Qg7 R8f7 33. Qxh6 Rxd2 34.
Qxd2 Nxc4 35. Qg2 Nxa3 36. Qg8+ Kc7 37. Qxf7 Qd3 38. Rxc5+ dxc5 39. Qf4+ Kd8
40. Qf8+ Be8 41. Qf6+ Kc8 42. Qf5+ Kc7 43. Qe5+ Kd7 44. Qe6+ Kd8 45. Qf6+ Kc8
46. Qf5+ 1/2-1/2

[Event "Olimpiada de Khanty-Mansiysk 2010"]
[Site "Khanty-Mansiysk RUS"]
[Date "2010.10.03"]
[Round "11"]
[White "Pitirotjirathon, Jirapak"]
[Black "Belzo, Krzysztof"]
[Result "1-0"]
[WhiteElo "2299"]
[BlackElo "2007"]
[PlyCount "81"]
[EventDate "2010.09.21"]
[EventType "team"]
[EventRounds "11"]
[EventCountry "RUS"]
[Source "lmi"]
[SourceDate "2010.09.21"]
[WhiteTeam "Tailandia"]
[BlackTeam "Islas del Canal"]
[WhiteTeamCountry "THA"]
[BlackTeamCountry "JCI"]

1. d4 g6 2. c4 Bg7 3. e4 c5 4. d5 d6 5. Nf3 e6 6. Nc3 exd5 7. cxd5 a6 8. a4 Bg4
9. Be2 Bxf3 10. Bxf3 Nd7 11. O-O Ne7 12. a5 O-O 13. Bg5 h6 14. Be3 f5 15. Qd2
g5 16. exf5 Nxf5 17. Bg4 Ne5 18. Bxf5 Rxf5 19. Ra4 Qf8 20. h4 g4 21. Ne4 Rf7
22. Ng3 Qe7 23. h5 Qd7 24. Re4 Rf6 25. b4 cxb4 26. Rxb4 Rc8 27. Bd4 Rf7 28.
Bxe5 dxe5 29. Rfb1 Rc5 30. d6 Rb5 31. Rxb5 axb5 32. Qd5 Kh7 33. Rxb5 Bf8 34.
Rb6 Bg7 35. Ne4 Kh8 36. Rb4 Kh7 37. Rc4 Rf4 38. Rc7 Qa4 39. Rxg7+ Kxg7 40.
Qxe5+ Kh7 41. Qxf4 1-0

[Event "Olimpiada de Khanty-Mansiysk 2010"]
[Site "Khanty-Mansiysk RUS"]
[Date "2010.10.03"]
[Round "11"]
[White "Wojciechowski, Paul"]
[Black "Kongsee, Uaychai"]
[Result "0-1"]
[WhiteElo "2101"]
[BlackElo "2235"]
[PlyCount "64"]
[EventDate "2010.09.21"]
[EventType "team"]
[EventRounds "11"]
[EventCountry "RUS"]
[Source "lmi"]
[SourceDate "2010.09.21"]
[WhiteTeam "Islas del Canal"]
[BlackTeam "Tailandia"]
[WhiteTeamCountry "JCI"]
[BlackTeamCountry "THA"]

1. e4 c5 2. Nf3 d6 3. d4 cxd4 4. Nxd4 Nf6 5. Nc3 a6 6. Bc4 e6 7. Bb3 Nbd7 8. f4
Nc5 9. O-O Be7 10. Qf3 O-O 11. Be3 Qc7 12. f5 e5 13. Nde2 Nxb3 14. axb3 b5 15.
g4 h6 16. h4 b4 17. g5 bxc3 18. gxf6 Bxf6 19. bxc3 Qe7 20. Qg4 Kh7 21. Rf3 g6
22. Kh2 Rg8 23. Rg1 Bd7 24. Rfg3 Rac8 25. c4 a5 26. Qf3 d5 27. fxg6+ fxg6 28.
exd5 Bxh4 29. Nc3 Rcf8 30. Qg2 Rf5 31. Rxg6 Bg3+ 32. Qxg3 Rh5+ 0-1

[Event "Olimpiada de Khanty-Mansiysk 2010"]
[Site "Khanty-Mansiysk RUS"]
[Date "2010.10.03"]
[Round "11"]
[White "Teerapabpaisit, Wisuwat"]
[Black "Mazurkiewicz, Marcin"]
[Result "1-0"]
[WhiteElo "2310"]
[BlackElo "2000"]
[PlyCount "86"]
[EventDate "2010.09.21"]
[EventType "team"]
[EventRounds "11"]
[EventCountry "RUS"]
[Source "lmi"]
[SourceDate "2010.09.21"]
[WhiteTeam "Tailandia"]
[BlackTeam "Islas del Canal"]
[WhiteTeamCountry "THA"]
[BlackTeamCountry "JCI"]

1. e4 c5 2. Nf3 Nc6 3. d4 cxd4 4. Nxd4 e5 5. Nb5 a6 6. Nd6+ Bxd6 7. Qxd6 Qf6 8.
Qd1 Qg6 9. Nc3 Nf6 10. f3 d5 11. Nxd5 Nxd5 12. Qxd5 Be6 13. Qc5 Rc8 14. Kf2 Nd4
15. Qxe5 Nxc2 16. Rb1 O-O 17. Bd2 Bxa2 18. Rc1 Qb6+ 19. Kg3 f6 20. Qa5 Qxb2 21.
Bd3 Bf7 22. Rhd1 Na3 23. Qb4 Qxb4 24. Bxb4 Nc4 25. Bxf8 Kxf8 26. Bxc4 Bxc4 27.
Rd7 b5 28. Ra7 Rc6 29. Rd1 Bf7 30. Rdd7 Be8 31. Rdb7 g6 32. Rxh7 Kg8 33. Rhb7
Re6 34. h4 Kf8 35. Kf4 a5 36. Rxa5 Re7 37. Raa7 Rf7 38. Rxf7+ Bxf7 39. Rb7 Bc4
40. e5 fxe5+ 41. Kxe5 Bf1 42. g4 Be2 43. Kf6 Ke8 1-0

[Event "Olimpiada de Khanty-Mansiysk 2010"]
[Site "Khanty-Mansiysk RUS"]
[Date "2010.10.03"]
[Round "11"]
[White "Denny, Kevin"]
[Black "Erikson, Roberto"]
[Result "1-0"]
[WhiteElo "2316"]
[BlackElo "2252"]
[PlyCount "55"]
[EventDate "2010.09.21"]
[EventType "team"]
[EventRounds "11"]
[EventCountry "RUS"]
[Source "lmi"]
[SourceDate "2010.09.21"]
[WhiteTeam "Barbados"]
[BlackTeam "Angola"]
[WhiteTeamCountry "BAR"]
[BlackTeamCountry "ANG"]

1. e4 e6 2. d4 d5 3. Nd2 Nf6 4. e5 Nfd7 5. Bd3 c5 6. c3 Qb6 7. Ne2 Nc6 8. O-O
cxd4 9. cxd4 Nxd4 10. Nxd4 Qxd4 11. Nf3 Qb6 12. Qa4 Qb4 13. Qc2 Nc5 14. Bd2 Qa4
15. b3 Qd7 16. Be2 Be7 17. Be3 b6 18. b4 Qa4 19. Qb2 Ne4 20. a3 Bd7 21. Nd4 f5
22. Rfc1 b5 23. Rc7 Rb8 24. Nc6 Ra8 25. Nxe7 Kxe7 26. f3 f4 27. Bxf4 Qa6 28.
Be3 1-0

[Event "Olimpiada de Khanty-Mansiysk 2010"]
[Site "Khanty-Mansiysk RUS"]
[Date "2010.10.03"]
[Round "11"]
[White "Pascoal, Eduardo A"]
[Black "Farley, Terry"]
[Result "1-0"]
[WhiteElo "2205"]
[BlackElo "2231"]
[PlyCount "56"]
[EventDate "2010.09.21"]
[EventType "team"]
[EventRounds "11"]
[EventCountry "RUS"]
[Source "lmi"]
[SourceDate "2010.09.21"]
[WhiteTeam "Angola"]
[BlackTeam "Barbados"]
[WhiteTeamCountry "ANG"]
[BlackTeamCountry "BAR"]

1. d4 Nf6 2. Nf3 g6 3. Bg5 Bg7 4. Nbd2 d6 5. e4 O-O 6. c3 Bg4 7. Bd3 c6 8. O-O
Nbd7 9. h3 Bxf3 10. Nxf3 e5 11. Qd2 Re8 12. Rfe1 Qc7 13. Bh6 Bh8 14. Ng5 d5 15.
exd5 cxd5 16. dxe5 Nxe5 17. Be2 Qb6 18. Bf3 Rad8 19. Rad1 Ne4 20. Bxe4 dxe4 21.
Qc2 f5 22. Rd4 Nd3 23. b4 Rxd4 24. Qb3+ Re6 25. cxd4 Bxd4 26. Nxe6 Bxf2+ 27.
Kf1 Bxe1 28. Nc5+ Kh8 1-0

[Event "Olimpiada de Khanty-Mansiysk 2010"]
[Site "Khanty-Mansiysk RUS"]
[Date "2010.10.03"]
[Round "11"]
[White "Warner, Delisle"]
[Black "Domingos, Ediberto"]
[Result "1-0"]
[WhiteElo "2240"]
[BlackElo "2186"]
[PlyCount "95"]
[EventDate "2010.09.21"]
[EventType "team"]
[EventRounds "11"]
[EventCountry "RUS"]
[Source "lmi"]
[SourceDate "2010.09.21"]
[WhiteTeam "Barbados"]
[BlackTeam "Angola"]
[WhiteTeamCountry "BAR"]
[BlackTeamCountry "ANG"]

1. d4 d5 2. c4 c6 3. Nf3 Nf6 4. Nc3 e6 5. Bg5 Nbd7 6. e3 Bb4 7. cxd5 exd5 8.
Nd2 O-O 9. Bd3 Bd6 10. Rc1 Re8 11. Qc2 Nf8 12. a3 h6 13. Bh4 Ne6 14. Nf3 Nf4
15. Bh7+ Kh8 16. O-O g6 17. Ne5 Bxe5 18. dxe5 Rxe5 19. exf4 Rh5 20. Bxg6 fxg6
21. Bg3 Rf5 22. Rfe1 Bd7 23. Ne2 Ne4 24. Nd4 Rf7 25. Nf3 Bf5 26. Ne5 Rg7 27.
Qe2 Kh7 28. Rcd1 Qb6 29. Bh4 Re8 30. g4 Bc8 31. Bg3 Nf6 32. h3 Ne4 33. Kg2 a6
34. Bh4 Rf8 35. f3 Nd6 36. Bg3 Qb3 37. Rd3 Qb5 38. Qc2 Nc4 39. Rb3 Qa5 40. Nxg6
Rd8 41. Rc3 Qb6 42. Ne5+ Kh8 43. Nxc4 dxc4 44. Rxc4 Rgd7 45. Re2 Rd1 46. Bf2
Qb5 47. Rc5 Rc1 48. Qg6 1-0

[Event "Olimpiada de Khanty-Mansiysk 2010"]
[Site "Khanty-Mansiysk RUS"]
[Date "2010.10.03"]
[Round "11"]
[White "Agnelo, Amorin"]
[Black "Del Castilho, Martyn"]
[Result "1/2-1/2"]
[WhiteElo "2172"]
[BlackElo "2218"]
[PlyCount "87"]
[EventDate "2010.09.21"]
[EventType "team"]
[EventRounds "11"]
[EventCountry "RUS"]
[Source "lmi"]
[SourceDate "2010.09.21"]
[WhiteTeam "Angola"]
[BlackTeam "Barbados"]
[WhiteTeamCountry "ANG"]
[BlackTeamCountry "BAR"]

1. d4 Nf6 2. c4 g6 3. Nc3 d5 4. e3 Bg7 5. Nf3 O-O 6. Be2 c5 7. O-O cxd4 8. Nxd4
Nc6 9. Nxc6 bxc6 10. Qa4 Qb6 11. Rd1 e6 12. Rb1 Nd7 13. Qc2 a5 14. b3 Ba6 15.
Na4 Qa7 16. Ba3 Rfc8 17. Qd2 Bb7 18. h4 Qb8 19. h5 Qe5 20. Bb2 Qg5 21. Bxg7
Kxg7 22. e4 Qxd2 23. Rxd2 Ra7 24. hxg6 hxg6 25. exd5 cxd5 26. Nc3 Ba6 27. Nb5
Bxb5 28. cxb5 Nb6 29. f3 Rac7 30. Kf2 e5 31. a4 Rc3 32. Rbb2 d4 33. Bd3 f5 34.
Be2 Nd5 35. Bc4 Nb6 36. Be2 Nd5 37. Bc4 Nb6 38. Be2 g5 39. Rb1 Rd8 40. Bd3 Rf8
41. Be2 Rd8 42. Bd3 Rf8 43. Be2 Rd8 44. Bd3 1/2-1/2

[Event "Olimpiada de Khanty-Mansiysk 2010"]
[Site "Khanty-Mansiysk RUS"]
[Date "2010.10.03"]
[Round "11"]
[White "Fekadu, Desalegn Jimma"]
[Black "Kawuma, Steven Male"]
[Result "1/2-1/2"]
[WhiteElo "2204"]
[BlackElo "2203"]
[PlyCount "79"]
[EventDate "2010.09.21"]
[EventType "team"]
[EventRounds "11"]
[EventCountry "RUS"]
[Source "lmi"]
[SourceDate "2010.09.21"]
[WhiteTeam "Etiopía"]
[BlackTeam "Uganda"]
[WhiteTeamCountry "ETH"]
[BlackTeamCountry "UGA"]

1. d4 Nf6 2. c4 g6 3. Nc3 Bg7 4. e4 d6 5. f3 O-O 6. Be3 Nc6 7. Bd3 e5 8. d5 Nd4
9. Nge2 Nh5 10. O-O a6 11. g4 Nxe2+ 12. Nxe2 Nf4 13. Nxf4 exf4 14. Bxf4 Bxb2
15. Rb1 Bg7 16. Qd2 b6 17. Kg2 Bd7 18. h4 Qe7 19. Rh1 h5 20. gxh5 gxh5 21. Rbg1
f5 22. Kf2 fxe4 23. Bxe4 Bg4 24. Re1 Qf7 25. Kg3 Bf5 26. Rhg1 Rae8 27. Bxf5
Qxf5 28. Rxe8 Rxe8 29. Re1 Rxe1 30. Qxe1 Kf7 31. Qe4 Qxe4 32. fxe4 Be5 33. Kf3
Ke7 34. Bg5+ Kd7 35. Ke3 Ke8 36. Kd3 Kd7 37. Kc2 Ke8 38. Kb3 Kd7 39. Kb4 Bg3
40. Kc3 1/2-1/2

[Event "Olimpiada de Khanty-Mansiysk 2010"]
[Site "Khanty-Mansiysk RUS"]
[Date "2010.10.03"]
[Round "11"]
[White "Elliott, Warren"]
[Black "Ranaivoharisoa, Alain"]
[Result "1-0"]
[WhiteElo "2254"]
[BlackElo "2153"]
[PlyCount "83"]
[EventDate "2010.09.21"]
[EventType "team"]
[EventRounds "11"]
[EventCountry "RUS"]
[Source "lmi"]
[SourceDate "2010.09.21"]
[WhiteTeam "Jamaica"]
[BlackTeam "Madagascar"]
[WhiteTeamCountry "JAM"]
[BlackTeamCountry "MAD"]

1. e4 c5 2. Nf3 d6 3. d4 cxd4 4. Nxd4 Nf6 5. Nc3 a6 6. Bg5 e6 7. f4 Nc6 8. Qd2
h6 9. Bxf6 Qxf6 10. Nf3 Qd8 11. O-O-O Be7 12. h4 Qa5 13. Kb1 b5 14. g4 Bb7 15.
Qe3 Rc8 16. Bg2 Qc7 17. a3 Na5 18. Rd3 Nc4 19. Qe2 Bf6 20. Nd1 Nxb2 21. Nxb2
Bxe4 22. Ne1 Bxd3 23. Nexd3 Qc3 24. g5 hxg5 25. fxg5 Bd4 26. g6 e5 27. gxf7+
Kf8 28. Bd5 Rc5 29. Bb3 a5 30. Qg4 Rc8 31. h5 Rh6 32. Rh2 a4 33. Be6 Rb8 34.
Rg2 e4 35. Qxe4 b4 36. Bd7 Kxf7 37. Rg6 bxa3 38. Qe6+ Kf8 39. Qxd6+ Kg8 40.
Qxb8+ Kh7 41. Rxh6+ gxh6 42. Qf8 1-0

[Event "Olimpiada de Khanty-Mansiysk 2010"]
[Site "Khanty-Mansiysk RUS"]
[Date "2010.10.03"]
[Round "11"]
[White "Arauz, Samuel"]
[Black "Chinasamy, Devarajen"]
[Result "1/2-1/2"]
[WhiteElo "2146"]
[BlackElo "2077"]
[PlyCount "163"]
[EventDate "2010.09.21"]
[EventType "team"]
[EventRounds "11"]
[EventCountry "RUS"]
[Source "lmi"]
[SourceDate "2010.09.21"]
[WhiteTeam "TPE"]
[BlackTeam "Mauricio"]
[BlackTeamCountry "MRI"]

1. e4 c5 2. Nf3 g6 3. d4 cxd4 4. Nxd4 Nc6 5. Nc3 Bg7 6. Be3 Nf6 7. Bc4 O-O 8.
Bb3 d6 9. f3 Bd7 10. Qd2 Nxd4 11. Bxd4 Bc6 12. O-O-O Nd7 13. Bxg7 Kxg7 14. g4
Nc5 15. h4 Nxb3+ 16. axb3 h6 17. f4 Qb6 18. h5 Rh8 19. Rh3 Qb4 20. Rdh1 Rac8
21. hxg6 fxg6 22. Qh2 Bxe4 23. Nxe4 Qxe4 24. Qd2 Rc5 25. Re1 Rxc2+ 26. Kb1
Rxd2+ 27. Rxe4 Re8 28. Re6 Rd4 29. g5 hxg5 30. fxg5 Rg4 31. Rc3 Kf7 32. Re2
Rxg5 33. Rc7 Rb5 34. Ka2 Ra5+ 35. Kb1 b6 36. b4 Rb5 37. Rxa7 Rxb4 38. Rf2+ Ke6
39. Re2+ Kf6 40. Rf2+ Kg5 41. Rg2+ Rg4 42. Re2 e5 43. Rd7 Rd4 44. Rb7 Rb4 45.
Rg2+ Kf6 46. Rf2+ Ke6 47. Rg7 Rg4 48. Rb7 Rg1+ 49. Ka2 Ra8+ 50. Kb3 Ra6 51.
Rbf7 e4 52. R7f6+ Ke5 53. Rf8 b5 54. Rb8 Ra5 55. Re8+ Kd4 56. Rd2+ Ke3 57. Rxd6
Rg4 58. Kb4 Ra2 59. b3 Rb2 60. Kc3 Rf2 61. Rde6 Rf5 62. Kb4 Kf3 63. Ka5 g5 64.
b4 Rgf4 65. Rc6 Rd5 66. Rc3+ Rd3 67. Rc5 e3 68. Rxg5 Rdd4 69. Rxb5 Rde4 70.
Rxe4 Rxe4 71. Rf5+ Rf4 72. Re5 Kf2 73. b5 e2 74. Ka6 Ra4+ 75. Kb7 e1=Q 76. Rxe1
Kxe1 77. b6 Ra2 78. Kc7 Rc2+ 79. Kb8 Ke2 80. b7 Ke3 81. Ka7 Ra2+ 82. Kb6
1/2-1/2